Copa do Mundo da FIFA de 1994 - Statistics

Estatísticas Gerais
  • Esse quiz foi jogado 303 vezes
  • A pontuação média é 20 de 24
Estatísticas das Respostas
Grupo Time % Correto
Grupo B Brasil
100%
Grupo A Estados Unidos
95%
Grupo D Argentina
94%
Grupo A Colômbia
93%
Grupo E Itália
93%
Grupo E México
93%
Grupo C Alemanha
90%
Grupo C Espanha
90%
Grupo B Suécia
90%
Grupo B Rússia
89%
Grupo B Camarões
87%
Grupo C Coréia do Sul
87%
Grupo F Países Baixos
85%
Grupo D Nigéria
82%
Grupo D Bulgária
79%
Grupo A Suiça
74%
Grupo F Bélgica
71%
Grupo A Romênia
71%
Grupo F Marrocos
68%
Grupo F Arábia Saudita
67%
Grupo C Bolívia
67%
Grupo D Grécia
66%
Grupo E Noruega
65%
Grupo E Irlanda
64%
Nenhum quiz correspondente encontrado
Distribuição das Pontuações
Porcentagem de Pessoas com Cada Pontuação
Percentil de Números Respondidos
Sua Pontuação Histórica
Você não jogou esse quiz